Lorna a Ted : hra o dvou dějstvích /

Uložené v:
Podrobná bibliografia
Hlavný autor: Hale, John, 1926- (Author)
Ďalší autori: Jerie, Alexander, 1944- (Translator)
Médium: Kniha
Jazyk:Czech
English
Vydané: Praha : Dilia, 1982.
Fyzický popis: 75 listov.
Tagy: Pridať tag
Žiadne tagy, Buďte prvý kto otaguje tento záznam!

MARC

LEADER 00000nam a22000002i 4500
001 000725708
005 20250224132824.0
008 250224s1982 xr g 000 0 cze d
020 |c Kčs 10,00  |q (brožované) 
040 |a SVKKK  |b slo  |c SVKKK  |e rda 
041 1 |a cze  |h eng 
044 |a xr  |c CZ 
100 1 |a Hale, John,  |d 1926-  |4 aut 
240 1 0 |a Lorna and Ted.  |l Česky 
245 1 0 |a Lorna a Ted :  |b hra o dvou dějstvích /  |c John Hale ; přeložil Alexander Jerie. 
264 1 |a Praha :  |b Dilia,  |c 1982. 
300 |a 75 listov. 
336 |a text  |b txt  |2 rdacontent 
337 |a bez média  |b n  |2 rdamedia 
338 |a zväzok  |b nc  |2 rdacarrier 
500 |a Záznam revízie 
500 |a Preložené z angličtiny 
700 1 |a Jerie, Alexander,  |d 1944-  |4 trl 
910 |a svkkk 
998 |a BK 
090 |g SCKHL  |k Sklad Pribinova 3. posch.  |a V.131255  |j 663355  |i 2720940192  |s Absenčne